Leasing 1993 ve světle právních a daňových předpisů, v účetnictví a ve finančním hospodaření. 1.

Uzatváranie leasingovej zmluvy - obsah zmluvy. Ustanovenia daňových zákonov vzťahujúcich sa k leasingu. Právne predpisy upravujúce vzťahy v leasingových obchodoch. Rozdiel medzi finančným a operatívnym leasingom.

Na minha lista:
Detalhes bibliográficos
Autor principal: Houdek, V.
Formato: Capítulo de Livro
Idioma:tcheco
Assuntos:
Tags: Adicionar Tag
Sem tags, seja o primeiro a adicionar uma tag!

MARC

LEADER 00000naa a2200000 4500
001 r013088
005 20221213083344.6
041 0 |a cze 
044 |a CZ 
245 1 0 |a Leasing 1993 ve světle právních a daňových předpisů, v účetnictví a ve finančním hospodaření. 1.  |c V. Houdek 
520 |a Uzatváranie leasingovej zmluvy - obsah zmluvy. Ustanovenia daňových zákonov vzťahujúcich sa k leasingu. Právne predpisy upravujúce vzťahy v leasingových obchodoch. Rozdiel medzi finančným a operatívnym leasingom. 
610 2 0 |a lízing 
610 2 0 |a 1993 
610 2 0 |a predpisy právne 
610 2 0 |a predpisy daňové 
610 2 0 |a účtovníctvo 
610 2 0 |a hospodárenie finančné 
610 2 0 |a zmluvy hospodárske 
610 2 0 |a lízing finančný 
610 2 0 |a lízing operatívny 
100 1 |a Houdek, V.